| 000 | 00352nam a22001457a 4500 | ||
|---|---|---|---|
| 008 | 230413b ||||| |||| 00| 0 eng d | ||
| 020 | _a9780194423601 | ||
| 041 | _aeng | ||
| 080 |
_2THIRD EDITION _a37 |
||
| 082 | _a37FRE | ||
| 100 | _a23 | ||
| 101 | _aEDUKIM | ||
| 245 |
_aTECHNIQUES PRINCIPLES IN LANGUAGE TEACHING _cFREEMAN L.D |
||
| 942 |
_2udc _cBK |
||
| 999 |
_c59533 _d59533 |
||